| 000 | 00387nam a22001457a 4500 | ||
|---|---|---|---|
| 005 | 20200608120734.0 | ||
| 008 | 200608b xxu||||| |||| 00| 0 eng d | ||
| 082 | _a245.4 | ||
| 110 |
_aALL INDIA REPORTER _95868 |
||
| 245 | _aALL INDIA REPORTER; 2010 (V-97) S.C.SECTION, PART-1 | ||
| 260 |
_aMUMBAI _bALL INDIA REPORTER; PVT LTD. |
||
| 300 | _a976;p | ||
| 650 |
_aLAW _95701 |
||
| 942 | _cJRL | ||
| 999 |
_c6929 _d6927 |
||